000 00344nam a22001457a 4500
020 _a0-07-463073-3
041 _aENG
100 _aChatterjee Dipak
245 _aIntegral Calculus and Differential Equations
250 _a3rd Edition
260 _aNew Delhi
_bTata McGraw Hill
_c2003
300 _a518
650 _aGAE
856 _uM.Tech ( 7 )
999 _c1060
_d1060